000
00290nam a2200109Ia 4500
008
230320s9999||||xx |||||||||||||| ||spa||
082
_a
268.433/T73
100
_a
Torres Merchan, Miguel Angel
245
0
_a
Actividades Para Motivar En La Clase De Religión
260
_b
PPC
942
_8
0
_c
LIB
999
_c
38410
_d
38410